|
|
|
|
| LEADER |
00000nab a2200000 a 4500 |
| 001 |
vtls000881070 |
| 003 |
SK-MaSNL |
| 005 |
20260304225317.0 |
| 008 |
250429c2004 xo 0 slo |
| 015 |
|
|
|a SNBRB2004/08-22620
|
| 035 |
|
|
|a CLN000232592
|
| 035 |
|
|
|a urn:nbn:sk:snk-ab79es
|
| 035 |
|
|
|a (uuid)410da927-aa9f-426c-9652-b63d72a80300
|
| 035 |
|
|
|a (urnnbn)urn:nbn:sk:snk:ar-a07b5j
|
| 035 |
|
|
|a (sysno)vtls000881070
|
| 040 |
|
|
|a SNKBUCL
|b slo
|c SNKBUCL
|e AACR2
|
| 041 |
0 |
|
|a slo
|
| 044 |
|
|
|a xo
|c SK
|
| 080 |
|
|
|a 657.63:657.47:628.5:657.37
|2 1997
|
| 080 |
|
|
|a 628.5
|2 1997
|
| 080 |
|
|
|a 657.47:628.5
|2 1997
|
| 080 |
|
|
|a 657.37
|2 1997
|
| 100 |
1 |
|
|a Kareš, Ladislav
|4 aut
|9 9466
|
| 245 |
1 |
0 |
|a Posudzovanie otázok životného prostredia pri audite účtovnej závierky v kontexte právnej úpravy auditu na Slovensku
|c Ladislav Kareš, Katarína Máziková
|
| 504 |
|
|
|a Bibliogr. odkazy
|
| 504 |
|
|
|a Res. angl., slov.
|
| 650 |
0 |
7 |
|a životné prostredie
|2 SNKPH
|9 786
|
| 650 |
0 |
7 |
|a audit
|2 SNKPH
|9 2834
|
| 650 |
0 |
7 |
|a účtovná závierka
|2 SNKPH
|9 59787
|
| 655 |
|
7 |
|a články z novín a časopisov
|2 SNK
|9 267496
|
| 700 |
1 |
|
|a Máziková, Katarína,
|d 1954-
|4 aut
|9 222059
|
| 773 |
0 |
|
|t Ekonomika a informatika
|g Č. 1 (2004), s. 47-64
|x 1336-3514
|
| 850 |
|
|
|a Slovenská národná knižnica
|
| 852 |
|
|
|a Slovenská národná knižnica
|
| 954 |
|
|
|a odborná, vedecká literatúra pôvodná (slovenská)
|2 lita
|
| 958 |
|
|
|a article27
|
| 958 |
|
|
|a NB
|
| 958 |
|
|
|a OND
|
| 958 |
|
|
|a EUIPO
|
| 999 |
|
|
|c 3176833
|d 3178763
|